Представление документа в формате RUSMARC

ПолеНазваниеЗначение
  Тип записи a
  Библиографический уровень m
001 Контрольный номер Book/16472
005 Дата корректировки 20240209174436.5
010 Индекс ISBN __
a ISBN 978-5-275-01989-6
b Уточнения в пер.
d Цена 35 р. 00 к.
090 Данные записи __
a Состояние записи 63.3(0)
b Тип записи Книги
c Язык записи Русский
d Отрасль знаний (КСУ) Общ.-полит.
e Секретность Несекретно
g Вид записи Том многотомника
x Дата передачи записи для обработки У98
100 Данные общей обработки __
a Данные общей обработки 20120322d2021 |||y0rusy50 ca
101 Язык документа 0_
a Язык текста rus
102 Страна публикации __
a Страна публикации RU
105 Кодированные данные (монография) __
a Кодированные данные (монография) 00 y
181 Поле кодированных данных: вид содержания _1
a Код вида содержания (ISBD) i#
b Код характеристики содержания (ISBD) #xxe##
d i
g x
h x
i e
2 Код системы (источник кода, отличный от ISBD) isbdcontent
182 Поле кодированных данных: тип средства _1
a Код типа средства (ISBD) n
2 Код системы (источник кода, отличный от ISBD) isbdmedia
200 Заглавие и сведения об ответственности 1_
a Заглавие История цивилизации
b Общее обозначение материала Текст
e Сведения, относящиеся к заглавию в 2-х кн.
f Первые сведения об ответственности Г. Д. Уэллс
g Последующие сведения об ответственности пер. с англ. А. Тетеркина
h Номер части Кн. 2. С 361 г. от Р. Х. по 1922 г.
w Текст (визуальный) : непосредственный
203 Вид содержания и тип средства __
a Вид содержания Текст
b Характеристика содержания визуальный
c Тип средства непосредственный
210 Выходные данные 1_
a Место издания Москва
c Издательство Терра-Книжный клуб
210 Выходные данные 1_
a Место издания Санкт-Петербург
c Издательство Северо-Запад
d Дата издания 2009
215 Физическое описание __
a Объем 224 с.
225 Серия 0_
a Серия Мир вокруг нас
333 Примечание о целевом назначении __
a Примечание о целевом назначении 12+
461 Уровень набора _0
1 001Book/16471
1 00520120322131653.0
1 100
a 20120322d y0rusy50 ca
1 1010
a rus
1 102
a RU
1 105
a 00 y
1 2001
a История цивилизации
b Текст
e в 2-х кн.
f Г. Уэллс
g пер. с англ. А. Тетеркина
v Кн.2
1 210
a М.
c ТЕРРА - Книжный клуб
d 2009
a СПб.
c Северо-Запад
1 215
d -.
1 2251
a Мир вокруг нас
1 686
a 63.3(0)
2 rubbk
1 700 1
a Уэллс
b Г.
1 801 0
a RU
b ЦБС
c 20120322
1 801 1
a RU
b ЦБС
c 20120322
1 090
a Полное
b Книги
c Русский
d Общ.-полит.
e Несекретно
g Общая часть многотомника
606 Тематические рубрики 0_
a Основная рубрика Английская литература, 19-20 вв. - Проза
610 Ключевые слова 0_
a Ключевые слова литература английская
a Ключевые слова проза фантастическая
a Ключевые слова события исторические
a Ключевые слова фантастика
a Ключевые слова проза
686 Индексы других классификаций __
a Классификационный индекс 63.3(0)
2 Код системы rubbk
700 Автор _1
a Фамилия Уэллс
b Имя (инициалы) Герберт Джордж
g Полное личное имя Г. Д.
801 Источник записи _0
a Страна RU
b Организация МБУК ЦБС г. Ульяновска
c Дата составления 20120322
801 Источник записи _1
a Страна RU
b Организация МБУК ЦБС г. Ульяновска
c Дата составления 20120322
801 Источник записи _2
a Страна RU
b Организация МБУК ЦБС г. Ульяновска
c Дата составления 20120322
899 Данные о местонахождении __
3 Книга № 38682
a Местонахождение 17 ф
i Авторский знак У 98
j Расстановочный фильтр 63.3(0)
d Название фонда Инв.книга №1
q Состояние Свободно
x Инвентарный номер 135507
899 Данные о местонахождении __
3 Книга № 38683
a Местонахождение 8 ф
i Авторский знак У98
d Название фонда Инв.книга №1
h Классификационная часть РШ 63.3(0)
q Состояние Свободно
x Инвентарный номер 135507
899 Данные о местонахождении __
3 Книга № 38684
a Местонахождение 8 ф
i Авторский знак У98
d Название фонда Инв.книга №1
h Классификационная часть РШ 63.3(0)
q Состояние Свободно
x Инвентарный номер 135507
910 Корректоры записи __
a Корректор записи Мазина